Same Last Name Quiz Stats

 Plays Quiz Updated Nov 9, 2013

Support Sporcle.
Go Orange.
Score 0/24 Timer 03:00
1 Play Today
% Correct
Armstrong
97.3%
Anthony
92.9%
Jones
89.1%
Newton
88.1%
Chamberlain
85.2%
Young
82.6%
Taylor
81.3%
Nelson
75.7%
Russell
74.2%
Carter
74%
Greene
72.7%
Lewis
72.4%
% Correct
Johnson
69.3%
Stewart
65.3%
Brady
64.5%
Hudson
62.5%
Harrison
61.3%
Hunter
60.6%
Bush
59%
Marshall
58.4%
Thomas
55.4%
Jennings
54.7%
Williams
50.8%
Wilson
47.9%

From the Vault

LCS and World Series MVP in Same Year

by nyynkeh8r

Sports 3m
We certainly hope that a certain San Francisco Giant gets a bonus for all these MVP awards.
Remove Ads.
Support Sporcle.
Get the best of Sporcle when you Go Orange. This ad-free experience offers more features, more stats, and more fun while also helping to support Sporcle. Thank you for becoming a member.

Show Comments

Extras

Top Quizzes Today


Score Distribution

Your Account Isn't Verified!

In order to create a playlist on Sporcle, you need to verify the email address you used during registration. Go to your Sporcle Settings to finish the process.

Report this User

Report this user for behavior that violates our Community Guidelines.

Details: